<?xml version="1.0" encoding="UTF-8"?>
<collection xmlns="http://www.loc.gov/MARC21/slim">
 <record>
  <leader>00202pamaa2200085   4500</leader>
  <controlfield tag="001">0000044827</controlfield>
  <controlfield tag="005">20090122090000.0</controlfield>
  <datafield tag="245" ind1="0" ind2="0">
   <subfield code="a">IET Control Theory &amp; Applications : </subfield>
   <subfield code="b">vol. 1, no. 4-6, 2007.</subfield>
  </datafield>
  <datafield tag="300" ind1=" " ind2=" ">
   <subfield code="a">28cm.</subfield>
  </datafield>
  <datafield tag="650" ind1="0" ind2="0">
   <subfield code="a">Journal </subfield>
  </datafield>
 </record>
</collection>
